ბათუმის შოთა რუსთაველის სახელმწიფო უნივერსიტეტის ბიბლიოთეკა

ინტერნეტი. (ბიბ.ჩანაწერი № 35781)

000 -LEADER
fixed length control field 00622nam a2200229Ia 4500
001 - CONTROL NUMBER
control field 1664
003 - CONTROL NUMBER IDENTIFIER
control field GE_BSU
008 - FIXED-LENGTH DATA ELEMENTS--GENERAL INFORMATION
fixed length control field 181216s||||||||xx |||||||||||||| ||und||
020 ## - INTERNATIONAL STANDARD BOOK NUMBER
International Standard Book Number 9789994093045
040 ## - CATALOGING SOURCE
Transcribing agency GE_BSU
080 ## - UNIVERSAL DECIMAL CLASSIFICATION NUMBER
Universal Decimal Classification number 004.9(075.8)
100 ## - MAIN ENTRY--PERSONAL NAME
Personal name ზაუტაშვილი, დავით
245 ## - TITLE STATEMENT
Title ინტერნეტი.
250 ## - EDITION STATEMENT
Edition statement გამოც. მე–2
260 ## - PUBLICATION, DISTRIBUTION, ETC.
Name of publisher, distributor, etc. ქუთაისი
260 ## - PUBLICATION, DISTRIBUTION, ETC.
Date of publication, distribution, etc. 2008
300 ## - PHYSICAL DESCRIPTION
Extent 115 გვ. 19 სმ.
653 ## - INDEX TERM--UNCONTROLLED
Uncontrolled term ინტერნეტი
653 ## - INDEX TERM--UNCONTROLLED
Uncontrolled term სახელმძღბანელო
942 ## - ADDED ENTRY ELEMENTS (KOHA)
Koha item type წიგნი
ეგზემპლარები
Withdrawn status Lost status Damaged status Not for loan Date acquired Barcode Date last seen Price effective from Koha item type
        2018-12-17 3199 2018-12-17 2018-12-17 წიგნი